Normal view
MARC view
- تصميم وتنفيذ نظم التشغيل الحديثة
Entry Topical Term
001 - CONTROL NUMBER
- control field: 30059
003 - CONTROL NUMBER IDENTIFIER
- control field: JO-AjAnu
005 - DATE AND TIME OF LATEST TRANSACTION
- control field: 20230606075057.0
008 - FIXED-LENGTH DATA ELEMENTS
- fixed length control field: 230606|| aca||aabn | a|a d
040 ## - CATALOGING SOURCE
- Original cataloging agency: JO-AjAnu
- Transcribing agency: JO-AjAnu
150 ## - HEADING--TOPICAL TERM
- Topical term or geographic name entry element: تصميم وتنفيذ نظم التشغيل الحديثة
670 ## - SOURCE DATA FOUND
- Source citation: Work cat.: (JO-AjAnu)15439: اللبني ، يمان/ م مشارك اسامة العبدالله ؛ مراجعة مصطفى بنكين, author 30058, تصميم وتنفيذ نظم التشغيل الحديثة